000 00903nam a22002537a 4500
003 OSt
005 20210226162219.0
008 210226s2010 ck ||||er|||| 00| p spa d
020 _a9789588471365
040 _aCO-JMCR
_cCO-JMCR
041 0 _aspa
082 0 4 _aP /
_bRIVt
_223
100 1 _aRivera, José Eustasio,
_eautor
_9556
245 1 0 _aTierra de promisión /
_cJosé Eustasio Rivera ; introducción de Julio Paredes Castro
260 _aBogotá :
_bAlcaldía Mayor de Bogotá ; Instituto Distrital de las Artes (IDARTES),
_c2010
300 _a[66] páginas ;
_c17 cm.
490 0 _aLibro al viento ;
_v66
650 1 4 _aPoesía colombiana
_ySiglo XIX
_914034
650 2 4 _aLiteratura colombiana
_ySiglo XIX
_914035
650 2 4 _aPaisaje en la literatura
_914036
650 2 4 _aRíos en la literatura
_914037
700 1 _aParedes Castro, Julio,
_eintroducción
_914038
942 _2ddc
_cBK
999 _c7356
_d7356